000 00686nam a2200229Ia 4500
005 20221214121301.0
008 131103s9999 xx 000 0 und d
020 _a340088753
040 _aLoreto College
041 _aEnglish
082 _a811.3
_bWHI-BLO
100 _aWhitman,Walt, 1819 - 1892
245 _aLeaves of grass
_cWalt Whitman;edited by Harold W.Blodgett and Sculley Bradley
250 _aReader's Edition
260 _aLondon
_bUniversity Of London Press
_c1965
300 _aIviii,768 p.
440 _aThe Collected writings of Walt Whitman
650 _aAmerican Poetry - Collections
700 _aBlodgett,Harold W.,ed.
850 _aLCLIB
942 _cBK
999 _c11643
_d62122